| 000 | 00693nam a22002057a 4500 | ||
|---|---|---|---|
| 999 |
_c9308 _d9308 |
||
| 003 | AR-CdUCM | ||
| 008 | 190327b ||||| |||| 00| 0 spa d | ||
| 040 |
_aMUNICIPALIDAD PROVINCIAL DEL CUSCO _cBIBLIOTECA MUNICIPAL DEL CUSCO |
||
| 082 |
_a869.5601/ _bR63 |
||
| 100 |
_aRíos, Jorge _923165 |
||
| 245 |
_aSíntesis : _bPoemas / |
||
| 260 |
_aCusco : _bWamanPuma, _c2007. |
||
| 300 |
_a54 páginas ; _c21 cm. |
||
| 505 | _aContenido: El gran cambio -- El hombre creador -- El perfil de la María Andres -- El delito de amar -- La noche -- La síntesis ... | ||
| 650 |
_aLiteratura Peruana _9132 |
||
| 650 |
_aSiglo XX _98 |
||
| 650 |
_aPoesías _92272 |
||
| 942 |
_2ddc _cLIBROS |
||
| 945 | _aachl | ||